| Tag |
First Indicator |
Second Indicator |
Subfields |
| LEADER |
00000cam a2200000 a 4500 |
| 001 |
in00002782270 |
| 005 |
20151202171449.0 |
| 008 |
120101s2012 enk b 001 0 eng d |
| 020 |
|
|
|a 9780745660172
|
| 020 |
|
|
|a 0745660177
|
| 020 |
|
|
|a 9780745660165 (hardback)
|
| 020 |
|
|
|a 0745660169 (hardback)
|
| 035 |
|
|
|a (OCoLC)ocn769991370
|
| 040 |
|
|
|a BTCTA
|c BTCTA
|d BDX
|d YDX
|d IDG
|d CDX
|d BWX
|d NDD
|d ZCU
|d TXA
|d UtOrBLW
|
| 049 |
|
|
|a TXAM
|
| 082 |
0 |
|
|a 909.04924
|2 22
|
| 090 |
|
|
|a DS134
|b .Z45 2012
|
| 100 |
1 |
|
|a Zeitlin, Irving M.
|
| 245 |
1 |
0 |
|a Jews :
|b the making of a diaspora people /
|c Irving M. Zeitlin.
|
| 264 |
|
1 |
|a Cambridge, UK ;
|a Malden, Mass. :
|b Polity Press,
|c 2012.
|
| 300 |
|
|
|a xii, 298 pages ;
|c 23 cm.
|
| 336 |
|
|
|a text
|b txt
|2 rdacontent
|
| 337 |
|
|
|a unmediated
|b n
|2 rdamedia
|
| 338 |
|
|
|a volume
|b nc
|2 rdacarrier
|
| 504 |
|
|
|a Includes bibliographical references (pages [276]-280) and index.
|
| 650 |
|
0 |
|a Jewish diaspora
|x History.
|
| 650 |
|
0 |
|a Judaism
|x History.
|
| 650 |
|
0 |
|a Jews
|x Social conditions.
|
| 945 |
|
|
|a PromptCat
|
| 948 |
|
|
|a cataloged
|b h
|c 2012/6/19
|d c
|e dmitchel
|f 3:00:00 pm
|
| 994 |
|
|
|a C0
|b TXA
|
| 999 |
|
|
|a MARS
|
| 999 |
f |
f |
|s 4e07e92b-ed5b-31a3-be7d-c328dc33dfb2
|i b426c59d-82b4-35a9-931f-7ed118e066e0
|t 0
|
| 952 |
f |
f |
|p normal
|a Texas A&M University
|b College Station
|c Sterling C. Evans Library
|d Evans: Library Stacks
|t 0
|e DS134 .Z45 2012
|h Library of Congress classification
|i unmediated -- volume
|m A14835964650
|
| 998 |
f |
f |
|a DS134 .Z45 2012
|t 0
|l Evans: Library Stacks
|